| 000 | 00900nam a22002057a 4500 | ||
|---|---|---|---|
| 003 | 0 | ||
| 005 | 20250120123918.0 | ||
| 008 | 250120b xxu||||| |||| 00| 0 eng d | ||
| 050 |
_aQA 76.9 _b.M18 2024 |
||
| 100 | _aMagallanes, Gilbert Clause H. | ||
| 245 |
_aExploring the viability of green computing implementation among college students in Muntiparlas _b a feasibility study _cGilbert Clause H. Magallanes |
||
| 260 |
_aLas Pinas City _bSouthville International School and Colleges _c2024 |
||
| 300 |
_axv, 261 pages : _billustrations ; _c28cm. |
||
| 504 | _aIncludes bibliographical references and appendices. | ||
| 650 | _aGreen computing—Feasibility studies. | ||
| 650 | _aEnergy-efficient computing—Sustainability. | ||
| 650 | _aEducational institutions—Green technology adoption. | ||
| 650 | _aInformation and communication technology—Environmental aspects. | ||
| 942 |
_2lcc _cTH |
||
| 999 |
_c367023 _d367023 |
||